| 000 | 00511nam a22001817a 4500 | ||
|---|---|---|---|
| 003 | 0 | ||
| 005 | 20230620104908.0 | ||
| 008 | 230620b xxu||||| |||| 00| 0 eng d | ||
| 020 | _a978-971-996-879-5 | ||
| 082 |
_aFil. 338.1 _b.Fi566 2013 |
||
| 245 |
_aFood = Pagkain _cFix, Alexandra |
||
| 260 |
_aQuezon City _bC&E Publishing, Inc. _cc2013 |
||
| 300 |
_a34pp. _bcol. ill. _c19cm. |
||
| 500 | _aFood-Juvenile literature. | ||
| 500 | _aFood. | ||
| 504 | _aIncludes glossary and index. | ||
| 942 |
_2lcc _cBK |
||
| 999 |
_c365047 _d365047 |
||